Návrh bioreaktora na výrobu pekárenských kvasníc
Salvato in:
| Autore principale: | |
|---|---|
| Altri autori: | |
| Natura: | Manoscritto Libro |
| Lingua: | slovacco |
| Pubblicazione: |
2015
|
| Soggetti: | |
| Accesso online: | http://is.stuba.sk/zp/portal_zp.pl?podrobnosti=101650 |
| Tags: |
Nessun Tag, puoi essere il primo ad aggiungerne!!
|
MARC
| LEADER | 00000ntm a22000003a 4500 | ||
|---|---|---|---|
| 001 | stuzp53032 | ||
| 003 | SK-STU | ||
| 005 | 20160719154345.3 | ||
| 007 | ta | ||
| 008 | 150427s2015----xo-----f-mn---000-0-slo-d | ||
| 040 | |a STU |b slo | ||
| 041 | 0 | |a slo | |
| 100 | 1 | |a Witosová, Jana |u 046230 |4 aut |U FCHPT Ústav chemického a environmentálneho inžinierstva |T FCHPT Oddelenie chemického a biochemického inžinierstva |X 61081 |U C6230 |Y 119 |7 61081 | |
| 242 | 0 | 1 | |a Bioreactor Design for Bakers Yeast Production |y eng |
| 245 | 1 | 0 | |a Návrh bioreaktora na výrobu pekárenských kvasníc |
| 260 | |c 2015 | ||
| 650 | 4 | |a Prítokový miešaný bioreaktor |2 slo | |
| 650 | 4 | |a Metabolické procesy |2 slo | |
| 650 | 4 | |a Fyzikálne procesy |2 slo | |
| 650 | 4 | |a Pekárenské droždie |2 slo | |
| 650 | 4 | |a Baker's yeast |2 eng | |
| 650 | 4 | |a Stirred tank bioreactor |2 eng | |
| 650 | 4 | |a Metabolic processes |2 eng | |
| 650 | 4 | |a Physical processes |2 eng | |
| 700 | 1 | |a Ačai, Pavel |4 ths |X 4436 |7 A000004436 | |
| 856 | 4 | |u http://is.stuba.sk/zp/portal_zp.pl?podrobnosti=101650 | |
| SQL | |a stuzp53032 |b DBP |c SLO |d Návrh bioreaktora na výrobu pekárenských kvasníc |e 61081 |f Witosová, Jana |g 046230 |h 4436 |i Ačai, Pavel |j 20150714 |k 106 |l 04 |m http://is.stuba.sk/zp/portal_zp.pl?podrobnosti=101650 |n B-CHI |o 5.2.17. chemické inžinierstvo | ||